| 000 | 00512nam a22001817a 4500 | ||
|---|---|---|---|
| 003 | OSt | ||
| 005 | 20140310182214.0 | ||
| 008 | 130906t xxu||||| |||| 00| 0 eng d | ||
| 020 | _a971130189X | ||
| 050 |
_aBS 195 _b.H761 1986 |
||
| 082 |
_aHS 220.52 _bH74 1984 |
||
| 245 |
_aThe Holy Bible : _bcontaining the old and new testaments / |
||
| 260 |
_aManila : _b Philippine Bible Society, _cc1986. |
||
| 300 |
_a1074 p.; _c21 cm. |
||
| 650 |
_aBible--Versions _916372 |
||
| 942 |
_2lcc _cHS |
||
| 999 |
_c10548 _d10548 |
||